000 00423nam a2200181Ia 4500
003 0100
008 130227s9999 xx 000 0 und d
040 _cARRUPELIB
050 _aQB981.L32 1994
100 _aLattis, James M.
245 _aBetween Copernicus and Galileo
260 _aChicago
260 _bUniversity of Chicago Press
260 _C1994
300 _axix
300 _b 293p. 23cm.
942 _2lcc
_02
999 _c6142
_d6142